| 000 | 00521 a2200181 4500 | ||
|---|---|---|---|
| 020 | _a0596000162 | ||
| 040 |
_aDLC _bDLC |
||
| 082 | 0 | 0 | _a005.72 |
| 100 | 1 | _aMcLaughlin, Brett. | |
| 245 | 1 | 0 |
_aJava and XML _cBrett McLaughlin. |
| 260 |
_aCambridge, Mass. : _bO'Reilly, _c2000. |
||
| 300 |
_axvi, 479 p. : _bill. ; _c23 cm. |
||
| 490 | 1 | _aJava series | |
| 650 | 0 | _aJava (Computer program language) | |
| 650 | 0 | _aXML (Document markup language) | |
| 830 | 0 | _aJava series (O'Reilly & Associates) | |
| 942 |
_cBK _k005.72 MCL _2ddc |
||
| 999 |
_c4305 _d4305 |
||